000 00592nam a2200217 a 4500
001 20220
003 CO-ViMGA
008 141112s2004 ck r 000 u spa d
020 _a9583600016
040 _aCO-ViMGA
_bspa
_cCO-ViMGA
082 _a322.4209861 M651t
100 1 _aMolano, Alfredo
_96
245 1 0 _aTrochas y fusiles
260 _aBogotá :
_bEl Ancora,
_ceditores; 2003
300 _a230 p.
590 _aForma de adquisición : Premio Mincultura
650 1 4 _aGUERRILLA - COLOMBIA
_97
650 1 4 _aPAZ - COLOMBIA
_99
650 1 4 _aVIOLENCIA - COLOMBIA
_98
942 _2ddc
_cBK
999 _c11585
_d11585